Mathematics: tools and models
Zapisane w:
| Główni autorzy: | , |
|---|---|
| Format: | Książka |
| Język: | angielski |
| Wydane: |
Reading
Addison-Wesley
1977
|
| Hasła przedmiotowe: | |
| Etykiety: |
Dodaj etykietę
Nie ma etykietki, Dołącz pierwszą etykiete!
|
MARC
| LEADER | 00000nam a2200000 a 4500 | ||
|---|---|---|---|
| 001 | UCP1836 | ||
| 003 | CL-VaPUC | ||
| 008 | 990426e19770000US |||||||||||||||||eng|d | ||
| 082 | 0 | 4 | |a 519 |b HUN |2 21 |
| 100 | 0 | |a Hunkins, Dalton R |e author |9 428158 | |
| 700 | 0 | |a Pirnot, Thomas L |e author |9 428159 | |
| 245 | 1 | 0 | |a Mathematics: tools and models |
| 300 | |a 393 p | ||
| 942 | |c BK | ||
| 945 | |d 19990426 00:00:00 |a crobeson | ||
| 260 | |a Reading |b Addison-Wesley |c 1977 | ||
| 650 | 0 | |a Matemáticas aplicadas |9 342401 | |
| 650 | 0 | |a Matemática |9 260235 | |
| 650 | 0 | |a Teoría de conjuntos |9 265668 | |
| 650 | 0 | |a Teoría de grafos |9 269886 | |
| 650 | 0 | |a Ecuaciones no lineales |9 343071 | |
| 650 | 0 | |a Programación lineal |9 23 | |
| 583 | |a last modification |c 19990426 00:00:00 |k Rodrigo Vera | ||
| 999 | |c 280467 |d 280465 | ||
| 952 | |0 0 |1 0 |4 0 |6 519_000000000000000_HUN_1977 |7 0 |8 A |9 320774 |a BIBMAT |b BIBMAT |d 2019-11-20 |i 1344412 |o 519 HUN 1977 |p 1344412 |r 2025-01-07 |w 2019-11-20 |y BK |k MAT | ||